Algunos niños tres perros y más cosas / (Registro nro. 10964)
[ vista simple ]
| 000 -LIDER | |
|---|---|
| fixed length control field | 00670nam a22002297a 4500 |
| 003 - IDENTIFICACDOR DE NÚMERO DE CONTROL | |
| control field | DO-SdBNP |
| 005 - DATE AND TIME OF LATEST TRANSACTION | |
| control field | 20171213101311.0 |
| 008 - ELEMENTOS DE LONGITUD FIJA | |
| fixed length control field | 160720b1981 sp||||| |||| 00| 0 spa d |
| 022 ## - ISSN | |
| Source | 8423927032 |
| 040 ## - FUENTE DE CATALOGACIÓN | |
| Agencia que crea de manera original el registro | BPMSU |
| Idioma de catalogación | spa |
| Agencia que realiza la transcripción | BPMSU |
| 100 ## - ASIENTO PRINCIPAL -- NOMBRE PERSONAL | |
| Nombre personal | Farias, Juan |
| 245 ## - MENCIÓN DE TITULO | |
| Título | Algunos niños tres perros y más cosas / |
| Mención de responsabilidad | Juan Farias ; Ilustraciones de Arcadio Lobato |
| 250 ## - MENCIÓN DE EDICION | |
| Mención de edición | 5a ed. |
| 260 ## - PUBLICACIÓN, DISTRIBUCIÓN, ETC. (PIE DE IMPRENTA) | |
| Lugar de publicación, distribución, etc | Madrid : |
| Nombre del editor, distribuidor, etc. | Espasa-Calpe , |
| Fecha de publicación, distribución, etc | 1981. |
| 300 ## - DESCRIPCIÓN FÍSICA | |
| Extensión | 91 p. : |
| Otros detalles físicos | il. : |
| Dimensiones | 18 cm |
| 490 ## - MENCIÓN DE SERIES | |
| Mención de serie | Austral Juvenil |
| Volume/sequential designation | 3 |
| 700 ## - ASIENTO SECUNDARIO -- NOMBRE PERSONAL | |
| Nombre personal | Lobato, Arcadio, |
| Mención de responsabilidad | il. |
| 830 #0 - ASIENTO SECUNDARIO DE SERIE--TÍTULO UNIFORME | |
| Título uniforme | Austral juvenil |
| Número de la parte o sección de una obra | 3 |
| 942 ## - ADDED ENTRY ELEMENTS (KOHA) | |
| Source of classification or shelving scheme | Dewey Decimal Classification |
| Koha item type | Libros |
| 945 ## - INFORMACIÓN DE PROCESAMIENTO LOCAL | |
| Información de procesamiento local | inventariado extranjero / DG |
| 956 ## - LOCAL ELECTRONIC LOCATION AND ACCESS (OCLC) | |
| Nombre de host | dgarcia |
| Withdrawn status | Lost status | Source of classification or shelving scheme | Damaged status | Not for loan | Collection code | Home library | Current library | Date acquired | Source of acquisition | Total Checkouts | Barcode | Date last seen | Price effective from | Koha item type |
|---|---|---|---|---|---|---|---|---|---|---|---|---|---|---|
| Dewey Decimal Classification | Biblioteca Pública Metropolitana Salomé Ureña | Biblioteca Pública Metropolitana Salomé Ureña | 07/20/2016 | Donación | BPMSU16070567 | 07/20/2016 | 07/20/2016 | Libros |